| 000 | 03269nam a22003737a 4500 | ||
|---|---|---|---|
| 001 | 104318 | ||
| 003 | KnowledgeUnlatched | ||
| 005 | 20210303104911.0 | ||
| 006 | m o d | ||
| 007 | cr u|||||||||| | ||
| 008 | 210129p20162020xx o u00| u eng d | ||
| 037 | _5BiblioBoard | ||
| 245 | 0 | 0 |
_aChallenging the Dichotomy _bThe Licit and the Illicit in Archaeological and Heritage Discourses / _cJoe Watkins, Cristobal Gnecco, Les Field. |
| 020 | _a9780816541690 | ||
| 029 | 1 | _ahttps://library.biblioboard.com/ext/api/media/83090e22-b34f-453e-b054-32ced110b4a2/assets/thumbnail.jpg | |
| 040 |
_aScCtBLL _cScCtBLL |
||
| 506 | 0 |
_aAccess copy available to the general public. _fUnrestricted _2star |
|
| 700 | 1 |
_aWatkins, Joe _eeditor. |
|
| 700 | 1 |
_aGnecco, Cristobal _eeditor. |
|
| 700 | 1 |
_aField, Les _eeditor. |
|
| 264 | 1 | _bUniversity of Arizona Press, | |
| 300 | _a1 online resource (1 p.) | ||
| 520 | _a"Challenging the Dichotomy" explores how dichotomies regarding heritage dominate the discourse of ethics, practices, and institutions. Examining issues of cultural heritage law, policy, and implementation, editors Les Field, Cristóbal Gnecco, and Joe Watkins guide the focus to important discussions of the binary oppositions of the licit and the illicit, the scientific and the unscientific, incorporating case studies that challenge those apparent contradictions. Utilizing both ethnographic and archaeological examples, contributors ask big questions vital to anyone working in cultural heritage. What are the issues surrounding private versus museum collections? What is considered looting? Is archaeology still a form of colonialization? The contributors discuss this vis-à-vis a global variety of contexts and cultures from the United States, South Africa, Argentina, New Zealand, Honduras, Colombia, Palestine, Greece, Canada, and from the Nasa, Choctaw, and Maori nations. "Challenging the Dichotomy" underscores how dichotomies-such as licit/illicit, state/nonstate, public/private, scientific/nonscientific-have been constructed and how they are now being challenged by multiple forces. Throughout the eleven chapters, contributors provide examples of hegemonic relationships of power between nations and institutions. Scholars also reflect on exchanges between Western and non-Western epistemologies and ontologies. The book's contributions are significant, timely, and inclusive. "Challenging the Dichotomy" examines the scale and scope of "illicit" forms of excavation, as well as the demands from minority and indigenous subaltern peoples to decolonize anthropological and archaeological research. | ||
| 588 | 0 | _aDescription based on print version record. | |
| 590 | _aKU Select 2019: HSS Backlist Books | ||
| 650 | 7 |
_aSocial Science / Archaeology _2bisacsh |
|
| 650 | 0 | _aSocial sciences | |
| 655 | 0 | _aElectronic books. | |
| 758 |
_iIs found in: _aKnowledge Unlatched _1https://openresearchlibrary.org/module/2774bc74-146a-484f-a7ba-ab1d6a09bbfb |
||
| 856 | 4 | 0 |
_uhttps://openresearchlibrary.org/content/83090e22-b34f-453e-b054-32ced110b4a2 _zView this content on Open Research Library. _70 |
| 999 |
_c32888 _d32888 |
||